ロード中...

Atvame dasak ke upanyasom ka samajsastreeyh adyayan

書誌詳細
第一著者: Shobha Kulkarni
出版事項: Abhay Prakashan
LEADER 00224 a2200097 4500
020
260 |b Abhay Prakashan 
942 |c BK  |6 _ 
245 |a Atvame dasak ke upanyasom ka samajsastreeyh adyayan 
100 |a Shobha Kulkarni 
999 |c 63309  |d 63309